A Poem to the praise of His Majesty King George, or his farewell.

Bibliographic Details
Corporate Author: Gale (Firm)
Format: eBook
Language:English
Published: [London?] : [publisher not identified], [1716?]
Subjects:
Online Access:Connect to the full text of this electronic book

MARC

Tag First Indicator Second Indicator Subfields
LEADER 00000cam a2200000 4500
001 in00003844310
005 20190415182711.0
006 m o d
007 cr |n||||||||n
008 840830s1716 enk|||| o 00||||eng c
035 |a (CU-RivES)N11734 
035 |a (Uk-ES)006001956 
035 |a (OCoLC)507971701 
040 |a CU-RivES  |c CU-RivES  |d CStRLIN  |d Cengage Gale  |d UtOrBLW 
245 0 2 |a A Poem to the praise of His Majesty King George, or his farewell. 
264 1 |a [London?] :  |b [publisher not identified],  |c [1716?] 
300 |a 1 online resource (8 pages)  
336 |a text  |b txt  |2 rdacontent 
337 |a computer  |b c  |2 rdamedia 
338 |a online resource  |b cr  |2 rdacarrier 
500 |a Drop-head title. 
500 |a Publication place and date from MB. 
510 4 |a Foxon,  |c P673 
510 4 |a English Short Title Catalog,  |c N11734. 
500 |a Reproduction of original from Boston Public Library. 
500 |a Electronic resource. 
650 0 |a English poetry  |y 18th century.  |0 http://id.loc.gov/authorities/subjects/sh85043936 
655 7 |a Electronic books.  |2 local 
655 7 |a Poems.  |2 rbgenr 
710 2 |a Gale (Firm)  |0 http://id.loc.gov/authorities/names/no2008071348 
752 |a Great Britain  |b England  |d London. 
856 4 0 |u http://proxy.library.tamu.edu/login?url=http://find.galegroup.com/ecco/infomark.do?contentSet=ECCOArticles&docType=ECCOArticles&bookId=1408901400&type=getFullCitation&tabID=T001&prodId=ECCO&docLevel=TEXT_GRAPHICS&version=1.0&source=library&userGroupName=txshracd2898  |z Connect to the full text of this electronic book  |t 0 
999 f f |s f291f841-2c6f-3b03-bf83-74653266f56d  |i c6a8415b-d35d-3fcd-95a1-1941d44fb5a3  |t 0 
952 f f |a Texas A&M University  |b College Station  |c Electronic Resources  |d Available Online  |t 0  |h No information provided 
998 f f |t 0  |l Available Online